000 00401nam a2200145Ia 4500
008 231217s9999 xx 000 0 und d
041 _aEnglish
082 _a621.38 MIT R
100 _aMitchell, William Hendricks, Robert Sterry, Leonard
245 0 _aTelecommunications: Systems and applications
260 _c1995
_bJaico
300 _aviii+240
650 _aTelecommunications
942 _cAA
999 _c164197
_d164197